Marco Jurídico de las políticas culturales en Costa Rica /
Este ensayo trata sobre las posibilidades de aplicación, en Costa Rica, de los enfoques que ofrece la Antropología Jurídica Latinoamericana. Los autores se enfocan en hacer una pequeña exploración sobre las relaciones que se desarrollan entre el sistema jurídico estatal y la costumbre indígena en el...
保存先:
| 第一著者: | |
|---|---|
| フォーマット: | テキスト |
| 主題: | |
| タグ: |
タグ追加
タグなし, このレコードへの初めてのタグを付けませんか!
|
MARC
| LEADER | 00000 a a2200000 04500 | ||
|---|---|---|---|
| 001 | 4299 | ||
| 003 | |||
| 040 | |||
| 100 | |a Montero Mora, Freddy Mauricio | ||
| 245 | |a Marco Jurídico de las políticas culturales en Costa Rica / |c Freddy Mauricio Montero Mora | ||
| 520 | |a Este ensayo trata sobre las posibilidades de aplicación, en Costa Rica, de los enfoques que ofrece la Antropología Jurídica Latinoamericana. Los autores se enfocan en hacer una pequeña exploración sobre las relaciones que se desarrollan entre el sistema jurídico estatal y la costumbre indígena en el contexto del cantón de Buenos Aires de Puntarenas, Costa Rica | ||
| 650 | |a DERECHO | ||
| 650 | |a POBLACION INDIGENA | ||
| 650 | |a JURISPRUDENCIA | ||
| 650 | |a COSTA RICA | ||
| 773 | |g número 16; páginas 137-144 | ||
| 999 | |c 31448 |d 31448 | ||
